Diabolical 24-1 Shooting Gallery Quiz Stats

 Plays Quiz not verified by Sporcle

Score 0/300 Timer 20:00
0 Plays Today
% Correct
Bahamas
74.9%
Antigua and Barbuda
73.9%
Dominican Republic
73.9%
Cuba
73.4%
Barbados
73.3%
Costa Rica
73.2%
Dominica
72.4%
El Salvador
71.8%
Honduras
71.4%
Guatemala
71.1%
St. Kitts and Nevis
71%
St. Vincent and the Grenadines
70.6%
Panama
70.4%
Alexander II
70.2%
Alexander I
70.2%
Grenada
69.9%
Alexander III
69.9%
Canada
69.5%
Nicaragua
69.3%
Jamaica
69%
Haiti
68.9%
Belize
68.7%
Mexico
67.8%
Trinidad and Tobago
67.6%
Bee
67.3%
St. Lucia
67.2%
Alexis I
66.5%
Bill Murray
66.4%
Nicholas I
66.1%
Nicholas II
66%
Peter II
65.9%
Peter I
65.8%
Cate Blanchett
65.7%
Peter III
65.7%
Catherine I
65.7%
Ar
65.5%
Cee
65.5%
Ivan V
65.2%
Ivan VI
65.1%
El
65.1%
En
64.9%
Alfred Molina
64.9%
Ef
64.8%
Em
64.7%
Dee
64.7%
Ex
64.5%
Pee
64.4%
Gee
64.3%
Kay
64.2%
Tee
63.9%
Ess
63.8%
Jay
63.8%
USA
63.6%
Zee
63.5%
Aitch
63.4%
Vee
63.4%
Cue
63.3%
Steve Buscemi
62.9%
Wy
62.7%
Michael I
61.8%
Steve Coogan
61.7%
Alex Descas
61.7%
Feodor III
61.3%
Steven Wright
60.9%
Albert Einstein
60.9%
Paul I
60.6%
Alfred Nobel
59.2%
Vinny Vella Jr.
59%
Double-u
58.9%
Vinny Vella
58.6%
Jack White
57.8%
Roberto Benigni
57.4%
Meg White
57%
Dmitri Mendeleev
56.9%
Elizabeth
56.9%
E.J. Rodriguez
56.3%
William Rice
56.2%
Deci
56.1%
Centi
56%
Deca
55.9%
Joseph Rigano
55.9%
Milli
55.5%
Micro
55.1%
Taylor Mead
55%
Kilo
54.6%
Nicolaus Copernicus
54.4%
Atlantic
54.2%
Ernest Rutherford
54%
Tom Waits
53.6%
Nano
53.3%
Renée French
53.1%
Iggy Pop
53.1%
Amsterdam
53%
Mega
52.7%
Baltic
52.6%
Enrico Fermi
52.6%
Vermont
52.3%
Isaach de Bankolé
52.3%
Pennsylvania
52.1%
Hecto
52.1%
% Correct
Giga
52.1%
Marie Curie
51.8%
Bangkok
51.8%
Illinois
51.7%
Pacific
51.6%
Tera
51.5%
New York
51.3%
Joie Lee
51.3%
Connecticut
51.3%
Pico
51%
North Carolina
50.8%
Indiana
50.8%
Dublin
50.8%
Wilhelm Röntgen
50.7%
Niels Bohr
50.6%
Tennessee
50.5%
malleus
50.5%
Cinqué Lee
50.4%
Exa
50.2%
Atto
50.2%
Oriental
50.1%
Ernest Lawrence
50.1%
mandible
50.1%
Helsinki
50.1%
Kentucky
50%
Boardwalk
50%
Zetta
49.9%
Mediterranean
49.8%
frontal
49.6%
Virginia
49.6%
maxilla
49.4%
parietal
49.4%
Reykjavik
49.4%
nasal
49.3%
Breakfast of Champions
49.2%
Yotta
49.2%
Zepto
49.2%
ethmoid
49.2%
occipital
49.2%
Islamabad
49.2%
Bern
49.2%
temporal
49.1%
Warsaw
49%
Earth
49%
Yocto
48.9%
Peta
48.9%
Chaotic Good
48.9%
Empire State Building
48.8%
Marvin Gardens
48.7%
CN Tower
48.6%
Chaotic Neutral
48.6%
Chaotic Evil
48.6%
Slaughterhouse-Five
48.4%
Kabul
48.4%
Mars
48.3%
St. Charles
48.3%
St. James
48.2%
sphenoid
48.2%
Bishkek
48.2%
Park Place
47.9%
Mercury
47.9%
incus
47.7%
stapes
47.7%
Venus
47.5%
Femto
47.5%
Lawful Good
47.5%
Golden Gate Bridge
47.4%
Pluto
47.3%
Lawful Evil
47.3%
inferior nasal conchae
47.3%
lacrimal
47.1%
Saturn
47.1%
Wellington
47%
Georgy Flyorov
46.9%
Neptune
46.9%
Neutral Evil
46.8%
Lawful Neutral
46.7%
Ashgabat
46.7%
Jupiter
46.6%
Uranus
46.6%
Bluebell
46.6%
NeutralGood
46.6%
zygomatic
46.5%
palatine
46.5%
God Bless You, Mr. Rosewater
46.2%
Glenn T. Seaborg
46.2%
Acorn
46%
Channel Tunnel
45.5%
vomer
45.5%
Blackberry
45.5%
Constantine Pavlovich
45%
Anna
44.8%
Ringo
44.6%
Cat's Cradle
44.5%
John
44.5%
Ceres
44.5%
Paul
44.4%
Astana
44.3%
Dushanbe
44.3%
Hazel
44.3%
% Correct
Johan Gadolin
44.2%
Ventnor
44.2%
George
44.1%
Dandelion
44.1%
Panama Canal
43.8%
The Sirens of Titan
43.3%
Tashkent
43.3%
True Neutral
43.3%
Holly
43.1%
Mbabane
43.1%
GZA
42.9%
Accusative
42.9%
Ablative
42.9%
Buckthorn
42.5%
Bigwig
42.5%
Lise Meitner
42.2%
RZA
41.8%
Pete
41.8%
Communication Problems
41.6%
52 Hz
41.6%
Egg
41.5%
Vasili Samarsky-Bykhovets
41.4%
A Touch of Class
41.4%
States
41.2%
Baltimore
41.2%
Deadeye Dick
41.1%
Strawberry
40.8%
To Kill a Mockingbird
40.6%
Hajj
40.6%
Dative
40.4%
Genitive
40.4%
Vishnu
40.2%
Fiver
40%
Krishna
39.9%
Nominative
39.8%
Anniversary
39.7%
Atlanta
39.7%
Go Set a Watchman
39.6%
Eris
39.4%
The Wedding Party
39.3%
The Psychiatrist
39.3%
Hawkbit
39.3%
Gourmet Night
39.2%
Vocative
39.1%
Itaipu Dam
38.9%
Varaha
38.9%
Anaheim
38.9%
Hotel Inspectors
38.9%
Sophia Alekseyevna
38.8%
The Builders
38.7%
Pittsburgh
38.7%
The Germans
38.6%
Vamana
38.5%
Honiara
38.3%
Basil the Rat
38.1%
Chicago
37.9%
Philadelphia
37.8%
Majuro
37.8%
The Kipper and The Corpse
37.6%
Hocus Pocus
37.5%
Arizona
37.5%
Delta Works
37.1%
Pipkin
37%
Kurma
37%
St. Louis
36.8%
Bluebeard
36.8%
Waldorf Salad
36.5%
Ann-hog
36.5%
Seattle
36.4%
Egypt
36.2%
New Orleans
36.2%
Player Piano
35.8%
Mother Night
35.7%
Greece
35.7%
Zakat
35.2%
Toronto
35%
Turkey
34.9%
Bland
34.8%
Rama
34.5%
Annabelle
34.5%
Narasimha
34.4%
Shahada
34.1%
Parashurama
33.9%
Silver
33.9%
Timequake
33.9%
Slapstick
33.7%
Galapagos
33.6%
Yam
33.2%
Plain
33.1%
Sawn
32.9%
Makemake
32.6%
Plant
32.5%
Speedwell
32.3%
Matsya
32%
Jailbird
31.1%
Kalki
31.1%
Haumea
30.5%
Scabious
30.1%
Threar
30.1%
Mouth
29.9%

You're not logged in!

Compare scores with friends on all Sporcle quizzes.
OR
Log In

Show Comments

Extras

Top Quizzes Today


Score Distribution

Your Account Isn't Verified!

In order to create a playlist on Sporcle, you need to verify the email address you used during registration. Go to your Sporcle Settings to finish the process.

Report this User

Report this user for behavior that violates our Community Guidelines.

Details: